| 000 | 00399nam a2200169Ia 4500 | ||
|---|---|---|---|
| 008 | 221030s9999 xx 000 0 und d | ||
| 020 | _a0070589550 | ||
| 041 | _aEnglish | ||
| 082 |
_a105.23 _bTok |
||
| 100 | _aR. L. Tokheim | ||
| 245 | 0 |
_aSchaum`s Digital Principles _cby R. L. Tokheim |
|
| 250 | _a3rd | ||
| 260 |
_bTMH _aNew Delhi _c2004 |
||
| 300 | _a352 | ||
| 650 | _aComputers | ||
| 942 | _cBK | ||
| 999 |
_c2612 _d2612 |
||